[Event "ICS unrated blitz match"]
[Site "204.178.125.65"]
[Date "1999.12.11"]
[Round "?"]
[White "Yobes"]
[Black "Hossa"]
[Result "1-0"]
[WhiteElo "1883"]
[BlackElo "2401"]
[PlyCount "106"]

1. e4 d5 2. d4 dxe4 3. Nc3 e5 4. dxe5 Qxd1+ 5. Kxd1 Nc6 6. Nxe4 Bf5 7. Ng3 Bg4+
8. f3 Be6 9. f4 O-O-O+ 10. Bd2 Bb4 11. c3 Be7 12. Nf3 Nh6 13. Bb5 Bd7 14. Re1
Ng4 15. f5 Be8 16. e6 Bd6 17. Ne4 Bxh2 18. Kc1 Nce5 19. Be2 Nxf3 20. Bxf3 Ne5
21. Rh1 Nxf3 22. gxf3 Be5 23. Bg5 Rd5 24. f4 fxe6 25. fxe5 Rxe5 26. Ng3 exf5
27. Bf4 Re7 28. Kd2 g6 29. Rae1 Rd7+ 30. Ke2 Bf7 31. Kf2 h5 32. Rh4 Bxa2 33.
Ra1 Bb3 34. Rxa7 Kb8 35. Ra3 Bd5 36. Bg5 b5 37. Ne2 Re8 38. Ra6 c6 39. Nf4 Be4
40. b4 Rd2+ 41. Kg3 Rd1 42. Ra2 Kb7 43. Kf2 Rd6 44. Rh3 Kb6 45. Rg3 Kb7 46. Rg1
Bd5 47. Nxd5 Rxd5 48. Rga1 Re6 49. Ra7+ Kc8 50. Ra8+ Kb7 51. Bf4 Rde5 52. R8a7+
Kc8 53. Rg7 Re2+ 1-0

[Event "ICS rated bullet match"]
[Site "204.178.125.65"]
[Date "1999.12.11"]
[Round "?"]
[White "Spock"]
[Black "Hossa"]
[Result "0-1"]
[WhiteElo "2200"]
[BlackElo "2568"]
[PlyCount "94"]

1. d3 e5 2. g3 d5 3. Bg2 Nf6 4. Nf3 Nc6 5. c4 dxc4 6. Qa4 Bd6 7. Qxc4 O-O 8.
Nc3 Be6 9. Qa4 Bb4 10. O-O Qd6 11. Bg5 Ng4 12. a3 Bxc3 13. bxc3 f6 14. Bd2 f5
15. Rab1 Rfb8 16. Ng5 Bd5 17. e4 fxe4 18. dxe4 Ba2 19. Rb2 Bf7 20. Nxf7 Kxf7
21. Qc4+ Kf8 22. f4 Nf6 23. f5 Qxa3 24. Bc1 Qe7 25. Be3 Qf7 26. Bf3 Qxc4 27. g4
Qxc3 28. Re2 Nd4 29. Bxd4 Qxd4+ 30. Kg2 Rd8 31. g5 Ne8 32. h4 Rd7 33. Ref2 Qb4
34. Re2 Rad8 35. Rff2 c6 36. Rb2 Qe1 37. Rbe2 Qc1 38. Rc2 Qf4 39. Rce2 Qxh4 40.
g6 Qg5+ 41. Kh3 Qh6+ 42. Kg2 Nf6 43. Kg3 hxg6 44. fxg6 Qxg6+ 45. Kh2 Kf7 46.
Kh3 Rh8+ 47. Bh5 Rxh5# 0-1

[Event "ICS rated blitz match"]
[Site "204.178.125.65"]
[Date "1999.12.11"]
[Round "?"]
[White "PostModernist"]
[Black "Hossa"]
[Result "1-0"]
[WhiteElo "2597"]
[BlackElo "2401"]
[PlyCount "165"]

1. e4 c6 2. d4 d5 3. Nc3 dxe4 4. Nxe4 Bf5 5. Ng3 Bg6 6. h4 h6 7. Nf3 Nd7 8. h5
Bh7 9. Bd3 Bxd3 10. Qxd3 e6 11. Bd2 Ngf6 12. O-O-O Bd6 13. Ne4 Nxe4 14. Qxe4
Nf6 15. Qe2 Qc7 16. Kb1 O-O-O 17. Rh4 Rhe8 18. Ne5 Kb8 19. f4 c5 20. dxc5 Bxc5
21. g4 Rd5 22. Rh3 Red8 23. Rd3 Bd4 24. Bb4 Bxe5 25. fxe5 Rxd3 26. Rxd3 Ne8 27.
b3 Ka8 28. Rxd8+ Qxd8 29. c4 Qd4 30. Qf3 f6 31. Bc3 Qd8 32. exf6 Nxf6 33. Kc2
Qd6 34. Bxf6 Qf8 35. a4 Qxf6 36. Qxf6 gxf6 37. a5 Kb8 38. Kd3 Kc7 39. b4 Kc6
40. Ke3 a6 41. Kd4 Kc7 42. Kc5 e5 43. Kd5 Kd7 44. b5 Kc7 45. b6+ Kc8 46. Ke4
Kd7 47. Kf5 Ke7 48. c5 Kd7 49. Kxf6 e4 50. g5 e3 51. g6 e2 52. g7 e1=Q 53. g8=Q
Qh4+ 54. Kg6 Qg4+ 55. Kh7 Qxh5 56. Qg7+ Kc6 57. Qc7+ Kb5 58. Qxb7 Qf5+ 59. Kxh6
Kxa5 60. Qc7 Qe6+ 61. Kg7 Qg4+ 62. Kf7 Qh5+ 63. Ke7 Qg5+ 64. Ke6 Qg8+ 65. Kf5
Qd5+ 66. Qe5 Qd7+ 67. Ke4 Qh7+ 68. Kd4 Qd7+ 69. Kc3 Qh3+ 70. Kc4 Qf1+ 71. Kd5
Kb5 72. Kd6 Qf8+ 73. Kc7 Qf7+ 74. Kb8 Qf8+ 75. Ka7 Kb4 76. c6 Ka4 77. c7 Qf7
78. b7 Qf2+ 79. Ka8 Qa2 80. c8=Q Qd5 81. Qxd5 a5 82. b8=Q Ka3 83. Qxa5# 1-0

[Event "ICS rated blitz match"]
[Site "204.178.125.65"]
[Date "1999.12.11"]
[Round "?"]
[White "Hossa"]
[Black "star"]
[Result "1/2-1/2"]
[WhiteElo "2393"]
[BlackElo "2385"]
[PlyCount "233"]

1. e4 c5 2. d4 cxd4 3. c3 Nf6 4. e5 Nd5 5. Nf3 e6 6. cxd4 Nc6 7. Bc4 d6 8. O-O
Be7 9. Nc3 Nxc3 10. bxc3 Qa5 11. exd6 Qxc3 12. Ba3 Qxa3 13. dxe7 Qxe7 14. d5
exd5 15. Bxd5 Be6 16. Bxc6+ bxc6 17. Nd4 O-O 18. Nxc6 Qg5 19. Qc1 Qf6 20. Re1
Rac8 21. Qc5 Kh8 22. Qd6 Rfe8 23. a3 Qb2 24. Nxa7 Rc2 25. Rab1 Qf6 26. Rf1 Qd8
27. Qxd8 Rxd8 28. Rfd1 Rxd1+ 29. Rxd1 g6 30. Nb5 Rb2 31. Nc7 Ra2 32. f4 Rxa3
33. Nxe6 fxe6 34. Rd6 Ra4 35. g3 Ra1+ 36. Kg2 Ra2+ 37. Kh3 Re2 38. Rd8+ Kg7 39.
Rd7+ Kh8 40. Re7 h6 41. g4 Re4 42. Kg3 g5 43. fxg5 hxg5 44. h4 gxh4+ 45. Kxh4
Kg8 46. Kg5 e5 47. Kh5 Kf8 48. Rc7 Re1 49. g5 e4 50. g6 e3 51. g7+ Kg8 52. Kg6
Rg1+ 53. Kf6 Kh7 54. g8=Q+ Kxg8 55. Rc8+ Kh7 56. Rc7+ Kh6 57. Rc2 Rf1+ 58. Ke5
Rf2 59. Rc6+ Kg5 60. Rc3 Rf3 61. Rc1 e2 62. Rg1+ Kh4 63. Re1 Rf2 64. Ke4 Kg4
65. Ke3 Rf3+ 66. Kxe2 Rb3 67. Rf1 Ra3 68. Rg1+ Kf4 69. Rh1 Rb3 70. Rg1 Rh3 71.
Rf1+ Ke4 72. Rg1 Rh2+ 73. Kf1 Rc2 74. Rh1 Kf4 75. Rh3 Rb2 76. Rh1 Kg4 77. Rh6
Kf3 78. Rh3+ Ke4 79. Rc3 Kd4 80. Rf3 Rc2 81. Rg3 Ke4 82. Rb3 Rd2 83. Rc3 Rb2
84. Rg3 Ra2 85. Rh3 Kd5 86. Rh1 Rb2 87. Rg1 Rc2 88. Rh1 Ke4 89. Rh4+ Kf3 90.
Rh3+ Kf4 91. Rh1 Ke5 92. Rg1 Rd2 93. Rg4 Kd5 94. Rh4 Rb2 95. Rh3 Kc5 96. Rh1
Rc2 97. Rg1 Kc6 98. Rh1 Kd5 99. Rg1 Ke5 100. Rh1 Rd2 101. Rg1 Ke4 102. Rg5 Rd6
103. Rh5 Rf6+ 104. Kg1 Rf4 105. Rh3 Rf5 106. Rh2 Kd4 107. Rh1 Re5 108. Rh2 Rg5+
109. Kh1 Rg6 110. Rf2 Rh6+ 111. Kg2 Ke3 112. Rf1 Rg6+ 113. Kh2 Rg7 114. Rd1 Rg8
115. Rf1 Rg7 116. Rd1 Rg8 117. Rf1 1/2-1/2

[Event "ICS rated blitz match"]
[Site "204.178.125.65"]
[Date "1999.12.11"]
[Round "?"]
[White "Hossa"]
[Black "EXchess"]
[Result "0-1"]
[WhiteElo "2403"]
[BlackElo "2548"]
[PlyCount "110"]

1. e4 e5 2. Nf3 Nc6 3. Bb5 a6 4. Ba4 Nf6 5. O-O Be7 6. Re1 b5 7. Bb3 O-O 8. c3
d5 9. exd5 Nxd5 10. Nxe5 Nxe5 11. Rxe5 c6 12. d4 Bd6 13. Re1 Qh4 14. g3 Qh3 15.
Re4 Bb7 16. Qe2 c5 17. f3 cxd4 18. cxd4 Nf6 19. Rh4 Qf5 20. Bf4 Bb4 21. Nc3
Rad8 22. Bc2 Qc8 23. Bg5 Bxc3 24. Bxf6 gxf6 25. bxc3 Qxc3 26. Rc1 Bxf3 27.
Bxh7+ Kg7 28. Rxc3 Bxe2 29. Re3 Bc4 30. Bb1 Rfe8 31. Kf2 f5 32. a3 Rxe3 33.
Kxe3 Re8+ 34. Kf4 Re1 35. Bxf5 b4 36. a4 b3 37. Rh7+ Kg8 38. Rh6 Rf1+ 39. Ke3
Rxf5 40. Rb6 a5 41. Rb8+ Kg7 42. d5 Rxd5 43. h4 Bb5 44. Ke4 Rh5 45. Rd8 b2 46.
Rd1 Bxa4 47. Rf1 Rc5 48. Ke3 Rc1 49. Rf4 b1=Q 50. Rxa4 Rc3+ 51. Kd4 Qd3+ 52.
Ke5 f6+ 53. Ke6 Rc6+ 54. Ke7 Qd6+ 55. Ke8 Rc8# 0-1

[Event "ICS rated blitz match"]
[Site "204.178.125.65"]
[Date "1999.12.11"]
[Round "?"]
[White "EXchess"]
[Black "Hossa"]
[Result "1/2-1/2"]
[WhiteElo "2558"]
[BlackElo "2393"]
[PlyCount "43"]

1. e4 e5 2. Nf3 Nc6 3. Bb5 a6 4. Ba4 Nf6 5. O-O Be7 6. Re1 b5 7. Bb3 O-O 8. c3
d5 9. exd5 Nxd5 10. Nxe5 Nxe5 11. Rxe5 c6 12. d4 Bd6 13. Re1 Qh4 14. g3 Qh3 15.
Be3 Bg4 16. Qd3 Rae8 17. Nd2 Qh5 18. a4 Bf5 19. Qe2 Bg4 20. Qd3 Bf5 21. Qe2 Bg4
22. Qd3 1/2-1/2

[Event "ICS rated blitz match"]
[Site "204.178.125.65"]
[Date "1999.12.11"]
[Round "?"]
[White "Hossa"]
[Black "EXchess"]
[Result "0-1"]
[WhiteElo "2400"]
[BlackElo "2551"]
[PlyCount "144"]

1. e4 c5 2. d4 cxd4 3. c3 Nf6 4. e5 Nd5 5. Nf3 Nc6 6. Bc4 Nb6 7. Bb3 d6 8. cxd4
dxe5 9. Nxe5 e6 10. Nxc6 bxc6 11. Nc3 Bd6 12. Qg4 O-O 13. Qe4 Nd5 14. O-O Bb7
15. Bc2 Nf6 16. Qh4 Be7 17. Re1 c5 18. dxc5 Bxc5 19. Bg5 h6 20. Bxf6 Qxf6 21.
Qxf6 gxf6 22. Rad1 Rab8 23. Be4 Ba6 24. Rd2 Rfd8 25. Red1 Rxd2 26. Rxd2 f5 27.
Bf3 Rb4 28. Be2 Bb7 29. Nb5 Ba6 30. Nc3 Bb7 31. Rc2 Bd6 32. b3 Rh4 33. g3 Rb4
34. Nb5 Bb8 35. Rd2 Bd5 36. Bc4 Bxc4 37. bxc4 Kg7 38. Na3 Ra4 39. Rd3 Bc7 40.
c5 Ra5 41. c6 Rc5 42. Rd7 Rxc6 43. Kg2 Bb6 44. Rd2 a5 45. Nb5 a4 46. Nd4 Rc4
47. Nf3 a3 48. Ne5 Rb4 49. Nd3 Rb5 50. Rc2 e5 51. Rc4 Rd5 52. Ne1 e4 53. Kf1 h5
54. h3 Rb5 55. Rc2 Rb2 56. Re2 Ba5 57. Nc2 Rxa2 58. h4 Kf6 59. Nd4 Rb2 60. Rc2
a2 61. Rc6+ Ke7 62. Nc2 Rxc2 63. Rxc2 a1=Q+ 64. Kg2 Qa3 65. Kg1 Bb6 66. Kh2 Qf3
67. Rc1 Bxf2 68. Rc7+ Kd6 69. Rc3 Qxc3 70. Kg2 Qxg3+ 71. Kf1 Qg1+ 72. Ke2 Qe1#
0-1

[Event "ICS rated blitz match"]
[Site "204.178.125.65"]
[Date "1999.12.11"]
[Round "?"]
[White "AlexRub"]
[Black "Hossa"]
[Result "1-0"]
[WhiteElo "2143"]
[BlackElo "2397"]
[PlyCount "117"]

1. e4 c5 2. Nf3 d6 3. d4 Nf6 4. Nc3 cxd4 5. Nxd4 Nc6 6. Be2 e5 7. Nb3 Be7 8.
O-O O-O 9. Be3 Be6 10. Qd2 d5 11. exd5 Nxd5 12. Nxd5 Qxd5 13. Rfd1 Qxd2 14.
Rxd2 Rad8 15. Rad1 Rxd2 16. Rxd2 b6 17. Bb5 Rc8 18. Ba6 Rd8 19. Rxd8+ Nxd8 20.
a3 Bxb3 21. cxb3 Nc6 22. b4 Nd4 23. Kf1 g5 24. f3 Kg7 25. Bd3 h5 26. Ke1 a5 27.
bxa5 bxa5 28. Kd2 h4 29. Kc3 h3 30. gxh3 Nxf3 31. b4 axb4+ 32. axb4 Nxh2 33. b5
f6 34. Ba7 Ba3 35. Kc4 Bb2 36. Bc5 e4 37. Bxe4 Nf1 38. Ba7 Ng3 39. Bc6 Bc1 40.
b6 Be3 41. Bb8 Ne2 42. b7 Nf4 43. Kb5 Ne2 44. Ka6 Nd4 45. Bd7 Nc2 46. Bd6 Nb4+
47. Kb5 Ba7 48. Kxb4 f5 49. Bxf5 Kf6 50. Bg4 Kf7 51. Kb5 Ke8 52. Ka6 Bb8 53.
Bxb8 Ke7 54. Be5 Kf7 55. b8=Q Ke7 56. Qd6+ Kf7 57. Bf5 Kg8 58. Qe7 g4 59. Be6#
1-0

[Event "ICS rated bullet match"]
[Site "204.178.125.65"]
[Date "1999.12.11"]
[Round "?"]
[White "EA6PZ"]
[Black "Hossa"]
[Result "1-0"]
[WhiteElo "2503"]
[BlackElo "2568"]
[PlyCount "63"]

1. e4 e5 2. d4 exd4 3. Nf3 Nc6 4. Nxd4 Bc5 5. Be3 Qf6 6. c3 Nge7 7. Bc4 O-O 8.
O-O Ne5 9. Nd2 Nxc4 10. Nxc4 Qa6 11. Ne5 d6 12. Nd3 Bb6 13. a4 d5 14. Nb5 c6
15. Nc5 Bxc5 16. Bxc5 cxb5 17. Bxe7 Re8 18. Qxd5 bxa4 19. f3 Qb6+ 20. Bc5 Qxb2
21. Bd4 Qc2 22. Qg5 f6 23. Bxf6 g6 24. Qh6 Kf7 25. Qg7+ Ke6 26. Be5 Rf8 27.
Qxf8 Kd7 28. Rad1+ Qxd1 29. Rxd1+ Kc6 30. Qd6+ Kb5 31. Rd5+ Kc4 32. Qb4# 1-0

[Event "ICS rated blitz match"]
[Site "204.178.125.65"]
[Date "1999.12.11"]
[Round "?"]
[White "Hossa"]
[Black "Beadle"]
[Result "1/2-1/2"]
[WhiteElo "2382"]
[BlackElo "2581"]
[PlyCount "221"]

1. e4 Nf6 2. e5 Nd5 3. c4 Nb6 4. d4 d6 5. exd6 exd6 6. Nf3 Nc6 7. d5 Ne5 8.
Nbd2 Bg4 9. Be2 Bf5 10. O-O Qf6 11. Nd4 O-O-O 12. Nxf5 Qxf5 13. a4 g5 14. a5
Nbd7 15. a6 b6 16. Re1 Be7 17. Nb3 Bf6 18. Nd4 Qe4 19. Nb5 Kb8 20. Ra3 Nc5 21.
b4 Nxc4 22. f3 Qb1 23. Bxc4 Qxb4 24. Qe2 Rhg8 25. h3 Rd7 26. Bd2 Qb2 27. Ra2
Qe5 28. Qf2 Qf5 29. Nd4 Bxd4 30. Qxd4 Rdd8 31. Bc1 Rde8 32. Rae2 Rxe2 33. Rxe2
Kc8 34. Qb2 h6 35. Re3 Nd7 36. Qg7 Rd8 37. Qc3 Ne5 38. Ba2 Qf4 39. Qc2 Re8 40.
Bc4 Re7 41. Qc3 Qg3 42. Bd3 Kb8 43. Bd2 h5 44. Be4 h4 45. Re2 f5 46. Be1 Qf4
47. Bd3 Qa4 48. Bd2 f4 49. Re4 Qa2 50. Bc4 Qa4 51. Bf1 Qa2 52. Rd4 Rf7 53. Be1
Re7 54. Rd1 Qa4 55. Rc1 Ka8 56. Qb2 Qe8 57. Bb4 Qg8 58. Qd4 Qe8 59. Qd2 Rf7 60.
Qc3 Kb8 61. Ra1 Re7 62. Re1 Qf7 63. Rd1 Qe8 64. Rb1 Qg6 65. Rb2 Qf7 66. Rd2 Qe8
67. Rc2 Qg8 68. Qd4 Qg6 69. Qd2 Qf5 70. Rc1 Ka8 71. Qd4 Qd7 72. Bd2 Re8 73. Qc3
Re7 74. Qb4 Qf5 75. Bb5 Nxf3+ 76. gxf3 Qxh3 77. Bc6+ Kb8 78. Bxf4 Qxf3 79. Qc3
Qxc3 80. Rxc3 gxf4 81. Kf2 b5 82. Bxb5 Kc8 83. Kf3 h3 84. Kxf4 Rh7 85. Rc1 Rh5
86. Kg4 Rxd5 87. Bc6 Re5 88. Rf1 Kd8 89. Kxh3 Rc5 90. Rf8+ Ke7 91. Re8+ Kf7 92.
Bd7 Ra5 93. Rc8 Rxa6 94. Rxc7 Kf6 95. Bc8 Ra5 96. Rd7 d5 97. Bb7 Ke6 98. Rd8
Ke7 99. Rc8 Rb5 100. Ba6 Ra5 101. Rc7+ Kd6 102. Rf7 Kc5 103. Rf6 Ra3+ 104. Kg4
Rb3 105. Rf7 Ra3 106. Rxa7 Ra5 107. Kf5 Kb6 108. Ra8 Rxa6 109. Rxa6+ Kxa6 110.
Ke5 d4 111. Kxd4 1/2-1/2

[Event "ICS rated blitz match"]
[Site "204.178.125.65"]
[Date "1999.12.11"]
[Round "?"]
[White "Rebel-3"]
[Black "Hossa"]
[Result "1-0"]
[WhiteElo "2200"]
[BlackElo "2390"]
[PlyCount "147"]

1. d4 d6 2. e4 g6 3. Nc3 Bg7 4. f4 Nf6 5. Nf3 O-O 6. Bd3 c6 7. O-O d5 8. e5 Ng4
9. Bd2 Nh6 10. a3 Bf5 11. Bxf5 Nxf5 12. Re1 Nd7 13. g4 Nh6 14. h3 Nb6 15. f5
Nc4 16. Bf4 f6 17. b3 g5 18. exf6 exf6 19. bxc4 gxf4 20. Rb1 Qa5 21. Qd3 Rf7
22. cxd5 cxd5 23. Ne2 Qc7 24. Qd2 Qd6 25. Nxf4 Qxa3 26. Rb3 Qd6 27. Re6 Qd8 28.
Ne1 Rc8 29. Rbe3 Qd7 30. c3 Rd8 31. Qa2 b6 32. Ned3 Bf8 33. Nh5 Bg7 34. Nb4 Qb5
35. Nc6 Rdf8 36. Ne7+ Kh8 37. Nxd5 Ng8 38. c4 Qd7 39. Re1 Rd8 40. Kh2 b5 41.
Nhf4 bxc4 42. Qxc4 Bh6 43. R1e4 Qb7 44. Qc6 Qxc6 45. Rxc6 Bg5 46. Kg3 Rfd7 47.
Ra6 Rxd5 48. Nxd5 Rxd5 49. Rxa7 Rb5 50. Re8 Rb3+ 51. Kf2 Rb2+ 52. Kf1 Rb1+ 53.
Ke2 Rb2+ 54. Kd3 Rb3+ 55. Kc4 Re3 56. Rf8 Rxh3 57. Raa8 Kg7 58. Rxg8+ Kh6 59.
Ra7 Rf3 60. Rgg7 Bc1 61. Kd5 Rd3 62. g5+ Kh5 63. gxf6 Bb2 64. Rg8 h6 65. f7
Bxd4 66. Ra3 Rxa3 67. f8=Q Ra5+ 68. Kxd4 Ra4+ 69. Ke3 Rg4 70. Qe8+ Kh4 71.
Rxg4+ Kxg4 72. Qg6+ Kh4 73. Kf4 h5 74. Qg3# 1-0

[Event "ICS rated bullet match"]
[Site "204.178.125.65"]
[Date "1999.12.11"]
[Round "?"]
[White "Hossa"]
[Black "hamsi"]
[Result "1-0"]
[WhiteElo "2549"]
[BlackElo "2226"]
[PlyCount "63"]

1. e4 e6 2. d4 d5 3. Nc3 Nf6 4. e5 Nfd7 5. Nce2 c5 6. Nf3 Nc6 7. c3 Qb6 8. a3
cxd4 9. cxd4 Qa5+ 10. Bd2 Qb6 11. Qc2 Ndb8 12. Rc1 Bd7 13. Be3 Na6 14. Nc3 Rc8
15. Bd3 Nc7 16. Bxh7 a6 17. O-O Nb5 18. Nxb5 axb5 19. Bd3 Ke7 20. Qb3 Na7 21.
Rxc8 Bxc8 22. Rc1 Bd7 23. Qc3 Ke8 24. Qc7 Qxc7 25. Rxc7 Bc6 26. Bc2 Be7 27. Bg5
f6 28. Bd2 Rg8 29. Bg6+ Kd8 30. Ba5 b4 31. Rxc6+ Kd7 32. Rc7+ 1-0

[Event "ICS rated bullet match"]
[Site "204.178.125.65"]
[Date "1999.12.11"]
[Round "?"]
[White "hamsi"]
[Black "Hossa"]
[Result "0-1"]
[WhiteElo "2222"]
[BlackElo "2553"]
[PlyCount "52"]

1. d4 d6 2. Bg5 f6 3. Bh4 e5 4. e3 Ne7 5. c3 Nf5 6. Bg3 Qe7 7. Be2 exd4 8. cxd4
d5 9. Nc3 c6 10. Nf3 Nxg3 11. hxg3 Nd7 12. O-O Qe6 13. Re1 Bd6 14. Bd3 O-O 15.
e4 dxe4 16. Rxe4 Qf7 17. Qe2 Nb6 18. a4 Bf5 19. a5 Nd5 20. Rh4 Rfe8 21. Bxf5
Rxe2 22. Bxh7+ Kf8 23. Nxe2 Re8 24. Nc3 Nxc3 25. bxc3 g5 26. Rh5 Qxh5 0-1

[Event "ICS rated bullet match"]
[Site "204.178.125.65"]
[Date "1999.12.11"]
[Round "?"]
[White "Hossa"]
[Black "hamsi"]
[Result "1-0"]
[WhiteElo "2557"]
[BlackElo "2218"]
[PlyCount "23"]

1. e4 Nf6 2. e5 Ng8 3. d4 d5 4. Bb5+ c6 5. Bd3 g6 6. Nf3 Bf5 7. Bxf5 gxf5 8.
Ng5 h5 9. e6 fxe6 10. Nxe6 Qd6 11. Qe2 Nd7 12. Bf4 1-0

[Event "ICS rated blitz match"]
[Site "204.178.125.65"]
[Date "1999.12.11"]
[Round "?"]
[White "star"]
[Black "Hossa"]
[Result "1-0"]
[WhiteElo "2385"]
[BlackElo "2389"]
[PlyCount "139"]

1. e4 e5 2. Nf3 Nc6 3. Nc3 Bb4 4. a3 Bxc3 5. dxc3 d6 6. Bb5 Nf6 7. O-O Nxe4 8.
Qe2 Nf6 9. Rd1 O-O 10. Bg5 h6 11. Bh4 a6 12. Bxc6 bxc6 13. Qe3 Bg4 14. h3 Bxf3
15. Qxf3 d5 16. c4 Rb8 17. b4 g5 18. Bg3 e4 19. Qc3 Nh5 20. Bh2 Nf4 21. Bxf4
gxf4 22. cxd5 cxd5 23. Qe5 Re8 24. Qxf4 Rb6 25. Rd2 Rg6 26. Rad1 c6 27. c4 Qd7
28. Qe3 Re5 29. f4 Rf5 30. Qxe4 dxe4 31. Rxd7 Rxf4 32. Ra7 e3 33. Re1 Rxc4 34.
Rxe3 Rc1+ 35. Kf2 Rc2+ 36. Re2 Rxg2+ 37. Kxg2 Rxe2+ 38. Kf3 Rc2 39. Rxa6 Rc4
40. Ke2 Kg7 41. Kd3 Rc1 42. a4 h5 43. a5 f5 44. Kd4 f4 45. Rb6 h4 46. Ke4 Rc4+
47. Kf3 c5 48. b5 Ra4 49. a6 Kf7 50. Rb7+ Ke6 51. a7 Ke5 52. b6 Ra3+ 53. Kg4
Kd6 54. Rb8 Kc6 55. a8=Q+ Rxa8 56. Rxa8 Kxb6 57. Rc8 Kb5 58. Kxh4 f3 59. Kg3 f2
60. Kxf2 Kc4 61. h4 Kd4 62. h5 c4 63. h6 Kc3 64. h7 Kd3 65. h8=Q Ke4 66. Qe8+
Kf5 67. Qb5+ Kg6 68. Rc6+ Kf7 69. Qb7+ Kg8 70. Rc8# 1-0

[Event "ICS rated blitz match"]
[Site "204.178.125.65"]
[Date "1999.12.11"]
[Round "?"]
[White "Hossa"]
[Black "goudberg"]
[Result "1-0"]
[WhiteElo "2373"]
[BlackElo "2374"]
[PlyCount "129"]

1. e4 d6 2. d4 Nf6 3. f3 c6 4. Bd3 g6 5. Ne2 Bg7 6. Bg5 O-O 7. Nd2 Nbd7 8. O-O
e5 9. Nc4 Qc7 10. c3 b5 11. Ne3 h6 12. Bh4 a6 13. a4 Bb7 14. axb5 axb5 15. Qc2
Rxa1 16. Rxa1 Ra8 17. Rxa8+ Bxa8 18. Qb3 Nf8 19. Qa3 Bb7 20. Qa7 Ne8 21. Nc2 d5
22. exd5 cxd5 23. Bxb5 Nd6 24. Bd3 e4 25. fxe4 dxe4 26. Ba6 Qc6 27. Bxb7 Nxb7
28. b3 g5 29. Be1 f5 30. c4 f4 31. Nb4 Qd7 32. Nd5 f3 33. Ng3 Ne6 34. Nxe4 Kf7
35. Qxb7 Bxd4+ 36. Bf2 Qxb7 37. Nd6+ Kg6 38. Nxb7 fxg2 39. Bxd4 Nxd4 40. b4 h5
41. Kxg2 Kf5 42. Nc5 Ke5 43. Nd7+ Kd6 44. N7f6 Nc2 45. Nxh5 Nxb4 46. Nxb4 Kc5
47. Nd3+ Kxc4 48. Ne5+ Kd5 49. Nf7 Ke6 50. Nxg5+ Kf5 51. h4 Kg4 52. Nf3 Kxh5
53. Kg3 Kg6 54. Kg4 Kh6 55. Ne5 Kg7 56. Kg5 Kh7 57. h5 Kg7 58. h6+ Kh7 59. Nf7
Kg8 60. Kg6 Kf8 61. h7 Ke7 62. h8=Q Kd7 63. Qc3 Ke6 64. Qd3 Ke7 65. Qd2 1-0

[Event "ICS rated blitz match"]
[Site "204.178.125.65"]
[Date "1999.12.11"]
[Round "?"]
[White "Rabbit-Basher"]
[Black "Hossa"]
[Result "0-1"]
[WhiteElo "2211"]
[BlackElo "2389"]
[PlyCount "39"]

1. e4 e5 2. f4 exf4 3. Nf3 g5 4. h4 g4 5. Ng5 h6 6. Nxf7 Kxf7 7. d4 d5 8. Bxf4
dxe4 9. Nc3 Nf6 10. Be2 Nc6 11. d5 Nb4 12. O-O Bc5+ 13. Kh1 Kg6 14. g3 Nbxd5
15. Be5 Bd6 16. Qd4 Bxe5 17. Qxe5 Re8 18. h5+ Nxh5 19. Qxd5 Nxg3+ 20. Kg2 0-1

[Event "ICS rated blitz match"]
[Site "204.178.125.65"]
[Date "1999.12.11"]
[Round "?"]
[White "Hossa"]
[Black "Rabbit-Basher"]
[Result "1-0"]
[WhiteElo "2397"]
[BlackElo "2191"]
[PlyCount "45"]

1. e4 c5 2. Nf3 Nc6 3. d4 cxd4 4. Nxd4 Nf6 5. Nc3 d6 6. Bg5 e6 7. Qd2 a6 8.
O-O-O Bd7 9. f4 b5 10. e5 dxe5 11. Nxc6 Bxc6 12. Qxd8+ Rxd8 13. Rxd8+ Kxd8 14.
fxe5 h6 15. Bh4 g5 16. Bg3 Ng4 17. a4 b4 18. Nd1 h5 19. h3 Nh6 20. Bxa6 Bxg2
21. Rh2 Bd5 22. Ne3 Nf5 23. Nxf5 1-0

[Event "ICS rated blitz match"]
[Site "204.178.125.65"]
[Date "1999.12.11"]
[Round "?"]
[White "star"]
[Black "Hossa"]
[Result "1-0"]
[WhiteElo "2401"]
[BlackElo "2404"]
[PlyCount "91"]

1. e4 e5 2. Nf3 Nc6 3. Bb5 a6 4. Ba4 Nf6 5. O-O Be7 6. Qe2 O-O 7. c4 d6 8. Bxc6
bxc6 9. d4 exd4 10. Nxd4 Bg4 11. f3 Bd7 12. Nc3 c5 13. Nb3 Re8 14. Be3 Rb8 15.
e5 dxe5 16. Rad1 Nh5 17. Nxc5 Bxc5 18. Bxc5 Nf4 19. Qc2 Ne6 20. Ba7 Rb7 21. Qf2
Qc8 22. Be3 Rb4 23. b3 Nf8 24. f4 e4 25. Nd5 Rb7 26. f5 f6 27. Bc5 Kf7 28. Qd4
Re5 29. g4 Be8 30. Rde1 Nd7 31. Rxe4 c6 32. Bd6 cxd5 33. Rxe5 fxe5 34. Qxd5+
Kf6 35. h4 Qc5+ 36. Bxc5 Nxc5 37. g5+ Ke7 38. f6+ gxf6 39. gxf6+ Kf8 40. Qxc5+
Kg8 41. Qc8 h5 42. f7+ Kh7 43. Qf5+ Kh6 44. f8=Q+ Rg7+ 45. Qg5+ Kh7 46. Qgxg7#
1-0

[Event "ICS rated blitz match"]
[Site "204.178.125.65"]
[Date "1999.12.11"]
[Round "?"]
[White "Hossa"]
[Black "star"]
[Result "0-1"]
[WhiteElo "2388"]
[BlackElo "2417"]
[PlyCount "124"]

1. e4 c6 2. d4 d5 3. Nc3 dxe4 4. Nxe4 Nf6 5. Nxf6+ exf6 6. Nf3 Bd6 7. Bd3 O-O
8. O-O Bg4 9. Re1 Re8 10. Re3 Nd7 11. Qe2 c5 12. c3 cxd4 13. cxd4 Rc8 14. Rxe8+
Qxe8 15. Qxe8+ Rxe8 16. Bd2 Nb6 17. Re1 Rxe1+ 18. Nxe1 Be6 19. b3 Nd5 20. Nc2
h6 21. Ne3 Nxe3 22. Bxe3 f5 23. Bc4 f4 24. Bd2 Kf8 25. Bc3 b6 26. d5 b5 27.
dxe6 bxc4 28. bxc4 fxe6 29. Bd4 Bb8 30. f3 g5 31. c5 Ke7 32. Bg7 h5 33. Kf2 Kd7
34. Ke2 Kc6 35. Bf8 g4 36. Kd3 Kd5 37. h3 gxf3 38. gxf3 Be5 39. Bd6 Bxd6 40.
cxd6 Kxd6 41. Ke4 e5 42. a4 a5 43. h4 Ke6 44. Kd3 Kd5 45. Ke2 e4 46. Kf2 e3+
47. Ke1 Kc4 48. Ke2 Kc3 49. Ke1 Kb4 50. Ke2 Kxa4 51. Kd3 Kb4 52. Ke2 a4 53. Kd3
a3 54. Ke4 e2 55. Kf5 e1=Q 56. Kg5 Qe5+ 57. Kg6 Qe6+ 58. Kg5 Qf7 59. Kh6 Kb3
60. Kg5 a2 61. Kh6 a1=Q 62. Kg5 Qaf6# 0-1

[Event "ICS rated blitz match"]
[Site "204.178.125.65"]
[Date "1999.12.11"]
[Round "?"]
[White "star"]
[Black "Hossa"]
[Result "0-1"]
[WhiteElo "2432"]
[BlackElo "2373"]
[PlyCount "132"]

1. e4 c6 2. d3 d5 3. Nd2 e5 4. Ngf3 Bd6 5. g3 Nf6 6. Bg2 O-O 7. O-O Bg4 8. h3
Bh5 9. g4 Bg6 10. Nh4 Bc5 11. Nb3 Bb6 12. Nxg6 fxg6 13. g5 Nh5 14. Qg4 Kh8 15.
d4 Qd6 16. exd5 cxd5 17. dxe5 Qxe5 18. Bd2 Nc6 19. Rae1 Qxb2 20. Bxd5 Rad8 21.
Bxc6 bxc6 22. Bb4 Rf5 23. Be7 Rc8 24. Bd6 Qxa2 25. Re2 Rd8 26. h4 Qa6 27. Rfe1
Qc8 28. Qb4 Rf7 29. Rd2 Kg8 30. Re4 Qh3 31. Bc5 Rdf8 32. Re3 Qf5 33. Bxb6 axb6
34. Qc4 Nf4 35. f3 Qh3 36. Qxc6 Qg3+ 37. Kh1 Qxh4+ 38. Rh2 Qxg5 39. Re1 Nh5 40.
Qe6 Qf4 41. Nd2 Qc7 42. Qc4 Qa7 43. Ne4 Qa5 44. Rd1 b5 45. Qd5 Nf4 46. Qb3 Rd8
47. Rxd8+ Qxd8 48. Rd2 Qh4+ 49. Kg1 h6 50. Qxb5 Qe1+ 51. Kh2 Rf8 52. Qc4+ Kh8
53. Qc5 Qh4+ 54. Kg1 Rf5 55. Qc8+ Kh7 56. Qc4 Qe1+ 57. Qf1 Qe3+ 58. Kh1 Re5 59.
Qd1 Rh5+ 60. Rh2 Rf5 61. Rd2 Re5 62. c4 Rh5+ 63. Rh2 Rf5 64. c5 Kg8 65. c6 Rd5
66. c7 Rxd1# 0-1

[Event "ICS rated blitz match"]
[Site "204.178.125.65"]
[Date "1999.12.12"]
[Round "?"]
[White "Hossa"]
[Black "star"]
[Result "1/2-1/2"]
[WhiteElo "2392"]
[BlackElo "2413"]
[PlyCount "151"]

1. c4 c5 2. Nf3 Nc6 3. Nc3 Nd4 4. e4 d6 5. d3 Bg4 6. Be2 Nxe2 7. Qxe2 g6 8. e5
Bg7 9. Qe4 Qd7 10. exd6 Bf5 11. Qe2 Bxc3+ 12. bxc3 Qxd6 13. d4 cxd4 14. cxd4
Rc8 15. O-O Bg4 16. Rb1 Qc6 17. Qe5 f6 18. Qf4 Bxf3 19. Qxf3 Qxf3 20. gxf3 Rxc4
21. Rxb7 Rxd4 22. Rxa7 Rd7 23. Rxd7 Kxd7 24. Rd1+ Kc7 25. a4 e5 26. f4 Ne7 27.
fxe5 fxe5 28. Bb2 Nc6 29. Rc1 Ra8 30. Rc4 Kd6 31. Ba3+ Kd7 32. Kg2 g5 33. Bc5
h5 34. h3 Na5 35. Re4 Ke6 36. Bb6 Kd5 37. Rb4 Nc6 38. Rb5+ Ke6 39. Rc5 Kd6 40.
a5 Ne7 41. Rc1 Nd5 42. Rh1 Nxb6 43. axb6 Rb8 44. Rb1 Kc6 45. Kf3 Rf8+ 46. Ke4
Kb7 47. Kxe5 Rxf2 48. Rg1 Rf3 49. Rxg5 Rxh3 50. Rg6 Rb3 51. Rh6 Rb4 52. Kd5
Rb5+ 53. Kc4 Rf5 54. Kc3 h4 55. Kd4 Rb5 56. Rh7+ Kxb6 57. Rh6+ Ka5 58. Ke4 Rb1
59. Rh5+ Ka4 60. Kf3 Rb4 61. Kg2 Kb3 62. Kh3 Kc2 63. Rxh4 Rb5 64. Kg4 Kd3 65.
Kh3 Rf5 66. Kg4 Ke4 67. Kh3+ Kd5 68. Kg4 Rf6 69. Kh3 Rf7 70. Kg4 Rf8 71. Kh3
Rf2 72. Kg4 Rf1 73. Kh3 Rf2 74. Kg4 Rf1 75. Kh3 Rf2 76. Kg4 1/2-1/2